000 00632nam a2200229 a 4500
001 13775
003 BD-JhCC
005 20240321140223.0
008 240321b2021 bg |||| ||a| 000 0 Ben d
020 _a9789845101394
035 _a(BD-JhCC)13775
040 _aBD-JhCC
_dBD-JhCC
041 _aBengali
082 _a510
_bISL 2021
100 _aইসলাম,সফিক
245 _aসংখ্যার ইতিহাস /
_cসফিক ইসলাম।
260 _aঢাকা:
_bকথাপ্রকাশ;
_c2021.
300 _a110 p. :
_c22 cm.
650 _amathematics
942 _2ddc
_cBK
999 _c13775
_d13775